[Event "IECG WC.2004.F.00007"]
[Site "IECG email"]
[Date "2005.05.16"]
[Round "?"]
[White "Chvalovsky, Karel"]
[Black "Rosso, Pier Andrea"]
[Result "1/2-1/2"]
[WhiteElo "2244"]
[BlackElo "2249"]
[PlyCount "104"]
[EventDate "2005.05.16"]
[EventType "tourn (corr)"]
[EventRounds "6"]
[SourceTitle "Corr 2008"]
[Source "ChessBase"]
[SourceDate "2008.06.24"]
[SourceVersion "1"]
[SourceVersionDate "2008.06.24"]
[SourceQuality "1"]

1. e4 c5 2. Nf3 d6 3. d4 cxd4 4. Nxd4 Nf6 5. Nc3 a6 6. Be3 Ng4 7. Bg5 h6 8. Bh4 g5 9. Bg3 Bg7 10. h3 Ne5 11. Nf5 Bxf5 12. exf5 Qa5 13. Qd5 Nbc6 14. Qxa5 Nxa5 15. Nd5 Rd8 16. 0-0-0 h5 17. f6 Bxf6 18. Nxf6+ exf6 19. f4 gxf4 20. Bxf4 h4 21. Be3 Nac6 22. Bb6 Rd7 23. Rg1 f5 24. Be3 d5 25. c3 f6 26. Be2 Ke7 27. Kb1 Ke6 28. Rge1 Rg8 29. Bf1 b5 30. Bf2 Rh8 31. Be2 Kf7 32. a3 f4 33. Rf1 Ke6 34. Be1 Ng6 35. Bd2 Rg7 36. Bxf4 Nxf4 37. Rxf4 Ne5 38. Rf2 Rg5 39. Rd4 Rhg8 40. Bf1 Rh8 41. Rdf4 Rh6 42. a4 Nc4 43. Bd3 Rg3 44. Re2+ Kf7 45. Rd4 Rh5 46. Rf2 Rhg5 47. axb5 axb5 48. Bf1 Ne3 49. Rxh4 Nxf1 50. Rxf1 Rxg2 51. Rhf4 Rg6 52. h4 Ke6 1/2-1/2

[Event "CFriend WC-2004-F-00007"]
[Site "Chessfriend.com"]
[Date "2005.05.16"]
[Round "1"]
[White "Luise, Massimo"]
[Black "Chvalovsky, Karel"]
[Result "1/2-1/2"]
[WhiteElo "2274"]
[BlackElo "2244"]
[PlyCount "81"]
[EventDate "2005.??.??"]
[EventType "tourn (corr)"]
[EventRounds "6"]
[SourceTitle "Corr 2008"]
[Source "ChessBase"]
[SourceDate "2008.06.24"]
[SourceVersion "1"]
[SourceVersionDate "2008.06.24"]
[SourceQuality "1"]

1. e4 c5 2. c3 d5 3. exd5 Qxd5 4. Nf3 e6 5. Be2 Nf6 6. 0-0 Nc6 7. d4 cxd4 8. Nxd4 Nxd4 9. cxd4 Be7 10. Nc3 Qd6 11. Qb3 Qxd4 12. Be3 Qe5 13. Bb5+ Kf8 14. Qa4 Qb8 15. Bf4 e5 16. Bg5 a6 17. Be2 Bd7 18. Qb3 Bc6 19. Rad1 Qc8 20. f3 h6 21. Bxf6 gxf6 22. Bc4 Qe8 23. Kh1 h5 24. Nd5 Rc8 25. Qd3 h4 26. Qf5 Bd7 27. Qe4 h3 28. g3 Ba4 29. Rd2 Qd7 30. Qe2 Rd8 31. Rd3 Qe8 32. b3 b5 33. Nxf6 Bxf6 34. Bd5 Bxb3 35. axb3 Qe7 36. Qe4 Qc7 37. Qe3 Kg7 38. Rc1 Qe7 39. Qe4 Rh6 40. b4 Bg5 41. Rcd1 1/2-1/2

[Event "CFriend RH-2005-0-00025 email"]
[Site "Chessfriend.com"]
[Date "2005.05.02"]
[Round "1"]
[White "Chvalovsky, Karel"]
[Black "Hassim, Unes"]
[Result "1/2-1/2"]
[WhiteElo "2244"]
[BlackElo "2241"]
[PlyCount "54"]
[EventDate "2005.05.02"]
[EventType "tourn (corr)"]
[EventRounds "6"]
[SourceTitle "Corr 2008"]
[Source "ChessBase"]
[SourceDate "2008.06.24"]
[SourceVersion "1"]
[SourceVersionDate "2008.06.24"]
[SourceQuality "1"]

1. Nf3 Nf6 2. g3 d5 3. Bg2 c6 4. 0-0 Bg4 5. d3 Nbd7 6. Nbd2 e5 7. e4 dxe4 8. dxe4 Be7 9. Nc4 0-0 10. h3 Bh5 11. Qe1 Qc7 12. Bd2 Rfe8 13. Nh4 Nb6 14. Nxb6 Qxb6 15. b3 Qa6 16. g4 Bg6 17. a4 Rad8 18. Nxg6 hxg6 19. Ba5 Rd7 20. Bf3 Bd8 21. Bd2 Nh7 22. Be3 b6 23. Rd1 Rxd1 24. Qxd1 Bg5 25. Qd7 Rf8 26. Bxg5 Nxg5 27. Bg2 Qe2 1/2-1/2

[Event "CFriend AT-2005-0-00016 email"]
[Site "Chessfriend.com"]
[Date "2005.01.08"]
[Round "1"]
[White "Miszta, Feliks"]
[Black "Chvalovsky, Karel"]
[Result "0-1"]
[WhiteElo "1615"]
[BlackElo "2244"]
[PlyCount "44"]
[EventDate "2005.??.??"]
[EventType "tourn (corr)"]
[EventRounds "2"]
[SourceTitle "Corr 2024"]
[Source "ChessBase"]
[SourceDate "2023.10.19"]
[SourceVersion "1"]
[SourceVersionDate "2023.10.19"]
[SourceQuality "1"]

1. d4 Nf6 2. c4 e6 3. Nf3 b6 4. e3 Bb7 5. Bd3 d5 6. Nbd2 Be7 7. cxd5 exd5 8. 0-0 0-0 9. Qc2 c5 10. dxc5 bxc5 11. b3 Bd6 12. Bb2 Nc6 13. a3 Re8 14. Rfd1 Rb8 15. Rac1 h6 16. Bb5 a6 17. Ba4 Rc8 18. Qf5 Re6 19. Bxc6 Bxc6 20. Ne5 Bb7 21. Nd3 a5 22. Nf3 Ne4 0-1

[Event "CFriend AP-2004-Q-00020 email"]
[Site "Chessfriend.com"]
[Date "2004.12.22"]
[Round "1"]
[White "Nad Titus, Petre"]
[Black "Chvalovsky, Karel"]
[Result "1/2-1/2"]
[WhiteElo "2261"]
[BlackElo "2244"]
[PlyCount "35"]
[EventDate "2004.??.??"]
[EventType "tourn (corr)"]
[EventRounds "12"]
[SourceTitle "Corr 2024"]
[Source "ChessBase"]
[SourceDate "2023.10.19"]
[SourceVersion "1"]
[SourceVersionDate "2023.10.19"]
[SourceQuality "1"]

1. d4 Nf6 2. c4 e6 3. Nc3 Bb4 4. Qc2 0-0 5. a3 Bxc3+ 6. Qxc3 b6 7. Bg5 Bb7 8. e3 d6 9. Ne2 Nbd7 10. Qd3 h6 11. Bh4 Qe7 12. Nc3 c5 13. Rd1 Rfd8 14. e4 Nf8 15. Qf3 g5 16. Bg3 cxd4 17. Rxd4 d5 18. e5 1/2-1/2

[Event "IECG CB.2004.0.00126 email"]
[Site "IECG email"]
[Date "2004.11.17"]
[Round "1"]
[White "Laczay, Istvan"]
[Black "Chvalovsky, Karel"]
[Result "1/2-1/2"]
[WhiteElo "1921"]
[BlackElo "1910"]
[PlyCount "43"]
[EventDate "2004.11.17"]
[EventType "tourn (corr)"]
[EventRounds "6"]
[SourceTitle "Corr 2008"]
[Source "ChessBase"]
[SourceDate "2008.06.24"]
[SourceVersion "1"]
[SourceVersionDate "2008.06.24"]
[SourceQuality "1"]

1. d4 Nf6 2. c4 c5 3. d5 b5 4. cxb5 a6 5. bxa6 g6 6. Nc3 Bxa6 7. e4 Bxf1 8. Kxf1 d6 9. g3 Bg7 10. Kg2 Nbd7 11. Nf3 0-0 12. Re1 Qb6 13. e5 dxe5 14. Nxe5 Nxe5 15. Rxe5 Qb7 16. Qf3 e6 17. a4 Nd7 18. Re3 Ne5 19. Qe2 exd5 20. Rxe5 d4+ 21. Qe4 Qxe4+ 22. Rxe4 1/2-1/2

[Event "IECG CB.2004.0.00124 email"]
[Site "IECG email"]
[Date "2004.10.10"]
[Round "?"]
[White "Eshuis, Hans"]
[Black "Chvalovsky, Karel"]
[Result "1/2-1/2"]
[WhiteElo "1950"]
[BlackElo "1879"]
[PlyCount "72"]
[EventDate "2004.10.10"]
[EventType "tourn (corr)"]
[EventRounds "6"]
[SourceTitle "Corr 2008"]
[Source "ChessBase"]
[SourceDate "2008.06.24"]
[SourceVersion "1"]
[SourceVersionDate "2008.06.24"]
[SourceQuality "1"]

1. e4 e6 2. d4 d5 3. Nd2 c5 4. Ngf3 Nf6 5. exd5 Nxd5 6. c3 cxd4 7. Nxd4 Be7 8. N2f3 0-0 9. Bd3 Qd6 10. Qc2 f5 11. 0-0 Nc6 12. Nxc6 bxc6 13. Re1 c5 14. Qe2 Rb8 15. Bc4 Rb6 16. a4 a5 17. Bb5 Qc7 18. c4 Nf6 19. Bd2 Rb8 20. Bc3 Bd6 21. Be5 Rb6 22. Rad1 Ne4 23. Bxd6 Rxd6 24. Rxd6 Qxd6 25. Rd1 Qc7 26. Nd2 Nxd2 27. Qxd2 g6 28. Qd6 Rf7 29. f4 Re7 30. g3 Kf7 31. Qe5 Qxe5 32. fxe5 Rc7 33. Rd8 g5 34. h3 Bb7 35. Kf2 h6 36. Ke3 Bg2 1/2-1/2

[Event "CFriend RI-2004-0-00020 email"]
[Site "Chessfriend.com"]
[Date "2004.04.15"]
[Round "?"]
[White "Chvalovsky, Karel"]
[Black "Amann, Klaus"]
[Result "1-0"]
[WhiteElo "1866"]
[BlackElo "1966"]
[PlyCount "67"]
[EventDate "2004.??.??"]
[EventType "tourn (corr)"]
[EventRounds "6"]
[SourceTitle "Corr 2008"]
[Source "ChessBase"]
[SourceDate "2008.06.24"]
[SourceVersion "1"]
[SourceVersionDate "2008.06.24"]
[SourceQuality "1"]

1. d4 d6 2. c4 e5 3. Nf3 e4 4. Ng5 f5 5. Nc3 Nf6 6. Nh3 Be7 7. g3 c6 8. Bg2 d5 9. cxd5 cxd5 10. Bg5 Nc6 11. Nf4 0-0 12. Bxf6 Bxf6 13. e3 Kh8 14. Nfxd5 Be6 15. Nxf6 Qxf6 16. 0-0 Nb4 17. b3 Rac8 18. Qd2 Nd5 19. Nxd5 Bxd5 20. Qa5 Qe6 21. Qxa7 Ra8 22. Qc5 Rfc8 23. Qb4 b6 24. Rfc1 Kg8 25. Qd2 Rc6 26. Bf1 Rac8 27. Bb5 Rxc1+ 28. Rxc1 Ra8 29. Rc7 h6 30. Qc2 Kh7 31. Rd7 Qg8 32. Rd6 Rc8 33. Qe2 Qf7 34. Rxb6 1-0

[Event "CFriend RI-2004-0-00020 email"]
[Site "Chessfriend.com"]
[Date "2004.04.15"]
[Round "?"]
[White "Sintoro, Ali"]
[Black "Chvalovsky, Karel"]
[Result "0-1"]
[WhiteElo "1786"]
[BlackElo "1866"]
[PlyCount "68"]
[EventDate "2004.??.??"]
[EventType "tourn (corr)"]
[EventRounds "6"]
[SourceTitle "Corr 2008"]
[Source "ChessBase"]
[SourceDate "2008.06.24"]
[SourceVersion "1"]
[SourceVersionDate "2008.06.24"]
[SourceQuality "1"]

1. e4 c5 2. Nf3 d6 3. Bc4 Nf6 4. Nc3 e6 5. Qe2 Nc6 6. d3 Be7 7. 0-0 0-0 8. h3 d5 9. Bb3 Nd4 10. Nxd4 cxd4 11. Nd1 dxe4 12. dxe4 e5 13. f4 Bd6 14. fxe5 Bxe5 15. Nf2 Be6 16. Nd3 Qa5 17. Bg5 Nd7 18. Be7 Rfe8 19. Bxe6 fxe6 20. Ba3 Rac8 21. Rf3 Bb8 22. Raf1 Qc7 23. g3 Qxc2 24. Qxc2 Rxc2 25. Nf4 Nf6 26. Nh5 Be5 27. g4 h6 28. Nxf6+ Bxf6 29. Rb3 b6 30. Bb4 Rd8 31. Rd1 Re2 32. Re1 Rxe1+ 33. Bxe1 d3 34. Bd2 Bg5 0-1

[Event "IECG TE.2004.P.01419 email"]
[Site "IECG email"]
[Date "2004.03.17"]
[Round "?"]
[White "Celedon, Ivan"]
[Black "Chvalovsky, Karel"]
[Result "0-1"]
[WhiteElo "1954"]
[BlackElo "1746"]
[PlyCount "20"]
[EventDate "2004.03.17"]
[EventType "tourn (corr)"]
[EventRounds "8"]
[SourceTitle "Corr 2008"]
[Source "ChessBase"]
[SourceDate "2008.06.24"]
[SourceVersion "1"]
[SourceVersionDate "2008.06.24"]
[SourceQuality "1"]

1. d4 Nf6 2. c4 e6 3. Nc3 Bb4 4. f3 Nc6 5. e4 d5 6. cxd5 exd5 7. e5 Nd7 8. Nge2 Nb6 9. g3 f6 10. exf6 Qxf6 0-1

[Event "IECG TE.2004.P.01419 email"]
[Site "IECG email"]
[Date "2004.03.17"]
[Round "?"]
[White "Chvalovsky, Karel"]
[Black "Blakmoor, Ben"]
[Result "1/2-1/2"]
[WhiteElo "1746"]
[BlackElo "1883"]
[PlyCount "51"]
[EventDate "2004.03.17"]
[EventType "tourn (corr)"]
[EventRounds "8"]
[SourceTitle "Corr 2008"]
[Source "ChessBase"]
[SourceDate "2008.06.24"]
[SourceVersion "1"]
[SourceVersionDate "2008.06.24"]
[SourceQuality "1"]

1. d4 Nf6 2. c4 e6 3. Nc3 Bb4 4. f3 d5 5. a3 Bd6 6. Bg5 h6 7. Bh4 Be7 8. e3 0-0 9. Bd3 c5 10. Nge2 Nc6 11. 0-0 dxc4 12. Bxc4 cxd4 13. exd4 a6 14. Qd3 b5 15. Bb3 Qb6 16. Ne4 Nd5 17. Bf2 Rd8 18. Bc2 Bb7 19. b4 g6 20. Nc5 a5 21. bxa5 Rxa5 22. Nc3 Bf6 23. Nxe6 Nxc3 24. Nxd8 Qxd8 25. Qxc3 Nxd4 26. Qd3 1/2-1/2

[Event "IECG TE.2004.P.01419 email"]
[Site "IECG email"]
[Date "2004.03.17"]
[Round "?"]
[White "Chvalovsky, Karel"]
[Black "Niewold, Jaap"]
[Result "1-0"]
[WhiteElo "1746"]
[BlackElo "1744"]
[PlyCount "63"]
[EventDate "2004.03.17"]
[EventType "tourn (corr)"]
[EventRounds "8"]
[SourceTitle "Corr 2008"]
[Source "ChessBase"]
[SourceDate "2008.06.24"]
[SourceVersion "1"]
[SourceVersionDate "2008.06.24"]
[SourceQuality "1"]

1. d4 Nf6 2. c4 e6 3. Nc3 Bb4 4. f3 d5 5. a3 Be7 6. e4 dxe4 7. fxe4 e5 8. d5 Bc5 9. Nf3 Ng4 10. Na4 Nf2 11. Qc2 Nxh1 12. Nxc5 Qf6 13. Be2 b6 14. Nd3 Qg6 15. Be3 Qxe4 16. Kd2 Ng3 17. hxg3 f6 18. Nh4 h5 19. d6 c6 20. c5 b5 21. a4 g5 22. axb5 gxh4 23. Bf3 Qh7 24. Qc4 Qf7 25. Qxf7+ Kxf7 26. bxc6 Bf5 27. c7 e4 28. Bxh5+ Kg7 29. cxb8Q Rhxb8 30. Rf1 Bd7 31. Bd4 Rb3 32. Bxf6+ 1-0

[Event "IECG TE.2004.P.01419 email"]
[Site "IECG email"]
[Date "2004.03.17"]
[Round "?"]
[White "Niewold, Jaap"]
[Black "Chvalovsky, Karel"]
[Result "1/2-1/2"]
[WhiteElo "1744"]
[BlackElo "1746"]
[PlyCount "74"]
[EventDate "2004.03.17"]
[EventType "tourn (corr)"]
[EventRounds "8"]
[SourceTitle "Corr 2008"]
[Source "ChessBase"]
[SourceDate "2008.06.24"]
[SourceVersion "1"]
[SourceVersionDate "2008.06.24"]
[SourceQuality "1"]

1. d4 Nf6 2. c4 e6 3. Nc3 Bb4 4. f3 Nc6 5. e4 d5 6. cxd5 exd5 7. e5 Nd7 8. a3 Bxc3+ 9. bxc3 f6 10. exf6 Qxf6 11. Bd3 0-0 12. Ne2 Nb6 13. 0-0 Bf5 14. Bxf5 Qxf5 15. Ng3 Qg6 16. Qb3 Rae8 17. Qb1 Qf6 18. a4 Rb8 19. Re1 Nc4 20. Ba3 Nxa3 21. Rxa3 b6 22. Qb5 Qd6 23. Ra2 Rbe8 24. Rae2 Rxe2 25. Qxe2 g6 26. Qe6+ Qxe6 27. Rxe6 Na5 28. Re7 Rf7 29. Re8+ Kg7 30. Nf1 Nc4 31. Ne3 Nxe3 32. Rxe3 c6 33. Re8 Rc7 34. Kf2 Kf7 35. Rh8 Ke6 36. Kg3 Re7 37. Rd8 Rd7 1/2-1/2

[Event "IECG CP.2003.P.00005 email"]
[Site "IECG email"]
[Date "2003.10.01"]
[Round "?"]
[White "Chvalovsky, Karel"]
[Black "Simmelink, Joop Theo"]
[Result "0-1"]
[WhiteElo "1676"]
[BlackElo "2373"]
[PlyCount "176"]
[EventDate "2003.10.01"]
[EventType "tourn (corr)"]
[EventRounds "6"]
[EventCountry "NED"]
[SourceTitle "Corr 2008"]
[Source "ChessBase"]
[SourceDate "2008.06.24"]
[SourceVersion "1"]
[SourceVersionDate "2008.06.24"]
[SourceQuality "1"]

1. e4 c5 2. Nf3 d6 3. d4 cxd4 4. Nxd4 Nf6 5. Nc3 g6 6. Be3 Bg7 7. f3 Nc6 8. Qd2 0-0 9. 0-0-0 d5 10. exd5 Nxd5 11. Nxc6 bxc6 12. Bd4 Nxc3 13. Qxc3 Bh6+ 14. Be3 Bxe3+ 15. Qxe3 Qb6 16. Qxe7 Be6 17. Qa3 Rad8 18. Bd3 Rd5 19. b3 Rfd8 20. Rde1 c5 21. Bc4 Rd2 22. Bxe6 fxe6 23. g3 Rf2 24. Ref1 Rfd2 25. Qb2 c4 26. Qc3 cxb3 27. axb3 Qd6 28. f4 a5 29. h4 Qa3+ 30. Kb1 a4 31. Qa5 R8d4 32. h5 Rxc2 33. Qa8+ Kg7 34. h6+ Kf7 35. Qb7+ Ke8 36. Qb5+ Rd7 37. Qxd7+ Kxd7 38. Kxc2 Qxb3+ 39. Kd2 Qxg3 40. Rhg1 Qh2+ 41. Ke3 Qxh6 42. Rh1 Qg7 43. Rc1 Qe7 44. Rhd1+ Ke8 45. Rc8+ Kf7 46. Rd4 e5 47. Rdc4 exf4+ 48. Kxf4 Qf6+ 49. Ke4 Qf5+ 50. Kd4 g5 51. R8c6 Qf4+ 52. Kd3 Qe5 53. Rc7+ Kg6 54. R4c6+ Kh5 55. Rxh7+ Kg4 56. Rc4+ Kg3 57. Rhc7 g4 58. Kc2 a3 59. Rc3+ Kh2 60. Kb3 g3 61. Kxa3 g2 62. Rh7+ Kg1 63. Rcc7 Kf2 64. Rcf7+ Kg3 65. Rhg7+ Kh4 66. Rh7+ Kg5 67. Rfg7+ Kf6 68. Rxg2 Qd6+ 69. Kb2 Qd4+ 70. Kc1 Qa1+ 71. Kd2 Qb2+ 72. Ke1 Qxg2 73. Rd7 Qe4+ 74. Kd2 Qb4+ 75. Kc1 Kf5 76. Rd3 Ke4 77. Kc2 Qc4+ 78. Rc3 Qe2+ 79. Kb3 Kd4 80. Rc2 Qb5+ 81. Ka3 Kd3 82. Rb2 Qa5+ 83. Kb3 Qa1 84. Rh2 Qc3+ 85. Ka4 Qc6+ 86. Kb3 Qe6+ 87. Ka4 Kc3 88. Rc2+ Kxc2 0-1

[Event "IECG CC.2003.0.00064 email"]
[Site "IECG email"]
[Date "2003.05.20"]
[Round "?"]
[White "Cox, Barry"]
[Black "Chvalovsky, Karel"]
[Result "1-0"]
[WhiteElo "1700"]
[BlackElo "1672"]
[PlyCount "131"]
[EventDate "2003.05.20"]
[EventType "tourn (corr)"]
[EventRounds "5"]
[SourceTitle "Corr 2024"]
[Source "ChessBase"]
[SourceDate "2023.10.19"]
[SourceVersion "1"]
[SourceVersionDate "2023.10.19"]
[SourceQuality "1"]

1. e4 g6 2. d4 Bg7 3. Nc3 c6 4. Bc4 d6 5. Qf3 e6 6. Nge2 b5 7. Bb3 Ne7 8. Bg5 a5 9. a3 a4 10. Ba2 0-0 11. 0-0 Nd7 12. Qf4 Nb6 13. Bh6 e5 14. Qg5 exd4 15. Bxg7 Kxg7 16. Nxd4 Qc7 17. Rad1 h6 18. Qf4 Bd7 19. Rd3 Nec8 20. Nf5+ Bxf5 21. exf5 Qe7 22. Ne4 Qe5 23. f6+ Kh7 24. Qxe5 dxe5 25. Rh3 Nd5 26. Ng5+ Kg8 27. Rxh6 Nd6 28. Re1 e4 29. Kf1 Nc4 30. Nxe4 Rab8 31. Rh4 Rfd8 32. g3 Ndb6 33. c3 Rd5 34. Re2 Rd1+ 35. Kg2 Re8 36. Rh7 Re5 37. Rg7+ Kf8 38. Bxc4 Nxc4 39. f4 Re8 40. Kf3 Rf1+ 41. Kg4 Rd1 42. h4 Rd5 43. Kf3 Rxe4 44. Kxe4 Nd6+ 45. Kf3 Nf5 46. Re5 Rd3+ 47. Ke2 Rd6 48. Rxf5 gxf5 49. Rg5 Rxf6 50. Kf3 Ke7 51. g4 fxg4+ 52. Kxg4 Rh6 53. h5 Rh7 54. Re5+ Kd6 55. Kg5 Rg7+ 56. Kh6 Rg4 57. Rg5 Rxf4 58. Kg7 Rf2 59. h6 Rxb2 60. h7 Rh2 61. h8Q Rxh8 62. Kxh8 f6 63. Rg6 Ke5 64. Kg7 c5 65. Rxf6 Kd5 66. Rf4 1-0

[Event "IECG CC.2002.0.00021 email"]
[Site "IECG email"]
[Date "2002.01.09"]
[Round "?"]
[White "Chvalovsky, Karel"]
[Black "Koch, Martin"]
[Result "0-1"]
[WhiteElo "1700"]
[BlackElo "1721"]
[PlyCount "55"]
[EventDate "2002.01.09"]
[EventType "tourn (corr)"]
[EventRounds "6"]
[SourceTitle "Corr 2024"]
[Source "ChessBase"]
[SourceDate "2023.10.19"]
[SourceVersion "1"]
[SourceVersionDate "2023.10.19"]
[SourceQuality "1"]

1. e4 c5 2. Nf3 e6 3. d4 cxd4 4. Nxd4 Nc6 5. Nc3 a6 6. g3 Qc7 7. Bg2 Nf6 8. 0-0 Be7 9. Re1 0-0 10. Nxc6 dxc6 11. e5 Nd5 12. Qg4 Rd8 13. Bh6 Bf8 14. Bg5 Be7 15. Bxe7 Qxe7 16. Ne4 b5 17. Nd6 Bd7 18. Rad1 f5 19. exf6 Qxf6 20. c4 bxc4 21. Nxc4 Rab8 22. Qe2 Re8 23. Ne5 Rb7 24. Rd2 a5 25. Qa6 Reb8 26. Nxd7 Rxd7 27. Qxc6 Rc7 28. Qa6 0-1

[Event "IECG C2.2001.0.00293"]
[Site "IECG email"]
[Date "2001.01.30"]
[Round "?"]
[White "Levine, Benjamin"]
[Black "Chvalovsky, Karel"]
[Result "1-0"]
[WhiteElo "1500"]
[BlackElo "1700"]
[PlyCount "35"]
[EventDate "2001.01.30"]
[EventType "tourn (corr)"]
[EventRounds "6"]
[SourceTitle "Corr 2008"]
[Source "ChessBase"]
[SourceDate "2008.06.24"]
[SourceVersion "1"]
[SourceVersionDate "2008.06.24"]
[SourceQuality "1"]

1. Nf3 d5 2. b3 Nf6 3. Bb2 e6 4. e3 Be7 5. Be2 0-0 6. 0-0 c5 7. c4 Nc6 8. d4 b6 9. Qc2 Bb7 10. Nbd2 cxd4 11. Nxd4 Nb4 12. Qc3 dxc4 13. Bxc4 a6 14. N2f3 b5 15. Bxe6 Ne4 16. Qc1 fxe6 17. Nxe6 Qd5 18. Nxf8 1-0